[Event "SVK-chT 2223"]
[Site "Slovakia"]
[Date "2023.02.25"]
[Round "7.4"]
[White "Briestensky, Rastislav"]
[Black "Lednicky, Martin"]
[Result "1-0"]
[WhiteElo "2288"]
[BlackElo "2078"]
[PlyCount "91"]
[EventDate "2022.10.22"]
[EventType "team-tourn"]
[EventRounds "11"]
[EventCountry "SVK"]
[SourceTitle "EXT 2024"]
[Source "ChessBase"]
[SourceDate "2023.10.10"]
[SourceVersion "1"]
[SourceVersionDate "2023.10.10"]
[SourceQuality "1"]
[WhiteTeam "Bratislava Slovan"]
[BlackTeam "Zilina Mladost"]
[WhiteTeamCountry "SVK"]
[BlackTeamCountry "SVK"]

1. e4 e6 2. d4 d5 3. Nc3 Nf6 4. e5 Nfd7 5. f4 c5 6. Nf3 a6 7. a4 Nc6 8. Ne2 cxd4 9. Nexd4 Nc5 10. c3 Ne4 11. Be3 Bd7 12. Bd3 Nxd4 13. Bxd4 Bc6 14. 0-0 Nc5 15. Bc2 b5 16. a5 g6 17. Qd2 h5 18. Qe3 Qe7 19. Kh1 Nd7 20. b4 Bh6 21. Rae1 Rc8 22. Bd3 Bb7 23. Rf2 Rh7 24. Nd2 Kd8 25. Nb3 Rc6 26. Rf3 Kc7 27. Rh3 Kb8 28. Kg1 Qf8 29. Qd2 Qh8 30. Qf2 Bf8 31. Nd2 Be7 32. Nf3 Qd8 33. Qd2 Rg7 34. Ng5 Nf8 35. Nf3 Nd7 36. Bf1 Qc8 37. Rg3 Rh7 38. Kh1 Ka8 39. Bf2 Kb8 40. Nd4 Rc7 41. Rh3 Rg7 42. Qe3 Qg8 43. Ra1 Bc6 44. Nxc6+ Rxc6 45. Qa7+ Kc8 46. Bb6 1-0

[Event "SVK-chT1W 2223"]
[Site "Slovakia"]
[Date "2022.11.05"]
[Round "3.1"]
[White "Briestensky, Rastislav"]
[Black "Baidetsky, Valentin"]
[Result "0-1"]
[WhiteElo "2296"]
[BlackElo "2452"]
[PlyCount "122"]
[EventDate "2022.10.15"]
[EventType "team-tourn"]
[EventRounds "11"]
[EventCountry "SVK"]
[SourceTitle "EXT 2024"]
[Source "ChessBase"]
[SourceDate "2023.10.10"]
[SourceVersion "1"]
[SourceVersionDate "2023.10.10"]
[SourceQuality "1"]
[WhiteTeam "Bratislava Slovan III"]
[BlackTeam "Povazska Bystrica"]
[WhiteTeamCountry "SVK"]
[BlackTeamCountry "SVK"]

1. d4 Nf6 2. Nf3 g6 3. g3 c5 4. c3 b6 5. Bg2 Bb7 6. 0-0 Bg7 7. Re1 0-0 8. Ne5 Bxg2 9. Kxg2 d6 10. Nf3 d5 11. Nbd2 cxd4 12. cxd4 Nc6 13. b3 Ne4 14. Bb2 Rc8 15. Rc1 Qd6 16. a3 Qf6 17. e3 Qf5 18. Nxe4 Qxe4 19. b4 a5 20. Qc2 Qxc2 21. Rxc2 axb4 22. Rec1 Na7 23. axb4 Rxc2 24. Rxc2 Rc8 25. Rxc8+ Nxc8 26. Kf1 Nd6 27. Ke2 e6 28. Nd2 h5 29. Kd3 g5 30. h3 g4 31. hxg4 hxg4 32. Bc3 Bh6 33. Nb1 Kh7 34. Be1 Kg6 35. Nc3 Kf5 36. Na4 b5 37. Nc5 Bg5 38. Bc3 Bd8 39. Be1 Bb6 40. Ke2 Nc8 41. Kd3 Nd6 42. Ke2 Ne4 43. Kd3 e5 44. Nd7 Bc7 45. dxe5 Bxe5 46. Nc5 Nxc5+ 47. bxc5 Ke6 48. e4 dxe4+ 49. Kxe4 f5+ 50. Kd3 Kd5 51. f3 gxf3 52. Ke3 Kxc5 53. Kxf3 Kc4 54. Ba5 Bc3 55. Bc7 b4 56. Bd6 b3 57. Ba3 Kd3 58. Kf4 Kc2 59. Kxf5 Bb4 60. Bxb4 b2 61. Bd6 b1Q 0-1

[Event "SVK-chT 2223"]
[Site "Slovakia"]
[Date "2022.10.23"]
[Round "2.1"]
[White "Briestensky, Rastislav"]
[Black "Zpevak, Pavel"]
[Result "1/2-1/2"]
[WhiteElo "2288"]
[BlackElo "2328"]
[PlyCount "48"]
[EventDate "2022.10.22"]
[EventType "team-tourn"]
[EventRounds "11"]
[EventCountry "SVK"]
[SourceTitle "EXT 2024"]
[Source "ChessBase"]
[SourceDate "2023.10.10"]
[SourceVersion "1"]
[SourceVersionDate "2023.10.10"]
[SourceQuality "1"]
[WhiteTeam "Bratislava Slovan"]
[BlackTeam "Dubnica nad Vahom"]
[WhiteTeamCountry "SVK"]
[BlackTeamCountry "SVK"]

1. e4 c5 2. Nf3 e6 3. c4 Nc6 4. d4 cxd4 5. Nxd4 Nf6 6. Nc3 Bb4 7. Nxc6 bxc6 8. Bd3 e5 9. 0-0 Bc5 10. Qf3 d6 11. Bg5 h6 12. Bxf6 Qxf6 13. Qxf6 gxf6 14. Ne2 Ke7 15. Kh1 Be6 16. f4 Rhb8 17. Rab1 a5 18. f5 Bd7 19. Bc2 Rb4 20. b3 Rb7 21. a4 Rbb8 22. Rf3 Rh8 23. Rd1 Rag8 24. h3 Rg7 1/2-1/2

[Event "SVK-chT 2223"]
[Site "Slovakia"]
[Date "2022.10.22"]
[Round "1.1"]
[White "Gasa, Patrik"]
[Black "Briestensky, Rastislav"]
[Result "0-1"]
[WhiteElo "2167"]
[BlackElo "2288"]
[PlyCount "102"]
[EventDate "2022.10.22"]
[EventType "team-tourn"]
[EventRounds "11"]
[EventCountry "SVK"]
[SourceTitle "EXT 2024"]
[Source "ChessBase"]
[SourceDate "2023.10.10"]
[SourceVersion "1"]
[SourceVersionDate "2023.10.10"]
[SourceQuality "1"]
[WhiteTeam "Osuske"]
[BlackTeam "Bratislava Slovan"]
[WhiteTeamCountry "SVK"]
[BlackTeamCountry "SVK"]

1. d4 Nf6 2. Nf3 e6 3. c4 b6 4. Nc3 Bb7 5. Bg5 d6 6. e4 h6 7. Bxf6 Qxf6 8. Bd3 Nd7 9. 0-0 e5 10. d5 Qd8 11. b4 Be7 12. Qd2 0-0 13. Ne2 Re8 14. g3 Bf8 15. Nc3 Bc8 16. Kg2 g6 17. Rae1 Bg7 18. h4 Rf8 19. Rh1 a5 20. a3 Nf6 21. Ng1 Nh5 22. b5 f5 23. f3 f4 24. g4 Ng3 25. Rh2 Bf6 26. Nge2 Bxh4 27. Ng1 Kg7 28. Be2 Qf6 29. Nd1 h5 30. Nf2 Bd7 31. Bd1 Rh8 32. Nfh3 Raf8 33. Qc3 Qe7 34. Qd2 Kg8 35. Qc3 Rh7 36. Qd2 Qd8 37. Qc3 Bf6 38. Nf2 Rff7 39. Nfh3 hxg4 40. fxg4 Rh4 41. Qf3 Rfh7 42. a4 Qc8 43. Qd3 Bxg4 44. Bxg4 Qxg4 45. Qf3 Qd7 46. c5 g5 47. cxb6 cxb6 48. Qc3 g4 49. Qc6 gxh3+ 50. Kf2 Qd8 51. Nf3 Rg4 0-1

[Event "SVK-chT1W 2122"]
[Site "Slovakia"]
[Date "2022.02.26"]
[Round "3.1"]
[White "Zpevak, Pavel"]
[Black "Briestensky, Rastislav"]
[Result "1/2-1/2"]
[WhiteElo "2357"]
[BlackElo "2303"]
[PlyCount "53"]
[EventDate "2021.11.06"]
[EventType "team-tourn"]
[EventRounds "11"]
[EventCountry "SVK"]
[SourceTitle "EXT 2023"]
[Source "ChessBase"]
[SourceDate "2022.10.05"]
[SourceVersion "1"]
[SourceVersionDate "2022.10.05"]
[SourceQuality "1"]
[WhiteTeam "Dubnica nad Vahom II"]
[BlackTeam "Bratislava Slovan III"]
[WhiteTeamCountry "SVK"]
[BlackTeamCountry "SVK"]

1. d4 Nf6 2. Nf3 e6 3. c4 Bb4+ 4. Bd2 Qe7 5. g3 0-0 6. Bg2 Bxd2+ 7. Qxd2 d6 8. Nc3 e5 9. 0-0 Re8 10. e4 Bg4 11. d5 Bxf3 12. Bxf3 Nbd7 13. b4 a5 14. a3 Rec8 15. Rfc1 axb4 16. axb4 c6 17. dxc6 bxc6 18. Rxa8 Rxa8 19. Rd1 Qe6 20. Be2 Ne8 21. Kg2 Rb8 22. h3 Nf8 23. Rb1 Qe7 24. Bg4 Qc7 25. b5 Ne6 26. Bxe6 fxe6 27. Kg1 1/2-1/2

[Event "SVK-chT1W 2122"]
[Site "Slovakia"]
[Date "2022.02.13"]
[Round "7.1"]
[White "Maslik, Miroslav"]
[Black "Briestensky, Rastislav"]
[Result "1/2-1/2"]
[WhiteElo "2371"]
[BlackElo "2303"]
[PlyCount "27"]
[EventDate "2021.11.06"]
[EventType "team-tourn"]
[EventRounds "11"]
[EventCountry "SVK"]
[SourceTitle "EXT 2023"]
[Source "ChessBase"]
[SourceDate "2022.10.05"]
[SourceVersion "1"]
[SourceVersionDate "2022.10.05"]
[SourceQuality "1"]
[WhiteTeam "Bratislava Lokomotiva"]
[BlackTeam "Bratislava Slovan III"]
[WhiteTeamCountry "SVK"]
[BlackTeamCountry "SVK"]

1. e4 d6 2. d4 Nf6 3. Nc3 g6 4. Nf3 Bg7 5. Be2 0-0 6. 0-0 c6 7. Bf4 Nbd7 8. h3 Qc7 9. Qd2 e5 10. Bh6 Re8 11. Bxg7 Kxg7 12. Rad1 b5 13. a3 a6 14. b4 1/2-1/2

[Event "SVK-chT 1920"]
[Site "Slovakia"]
[Date "2020.03.01"]
[Round "8.2"]
[White "Briestensky, Rastislav"]
[Black "Druska, Juraj"]
[Result "0-1"]
[WhiteElo "2352"]
[BlackElo "2495"]
[PlyCount "62"]
[EventDate "2019.10.19"]
[EventType "team-tourn"]
[EventRounds "11"]
[EventCountry "SVK"]
[SourceTitle "CBM 195 Extra"]
[Source "ChessBase"]
[SourceDate "2020.05.31"]
[SourceVersion "1"]
[SourceVersionDate "2020.05.31"]
[SourceQuality "1"]
[WhiteTeam "Bratislava Slovan"]
[BlackTeam "Zilina Mladost"]
[WhiteTeamCountry "SVK"]
[BlackTeamCountry "SVK"]

1. e4 c5 2. Nf3 e6 3. c4 Nc6 4. Nc3 Nd4 5. g3 Ne7 6. Bg2 Nec6 7. 0-0 Be7 8. d3 0-0 9. Nxd4 cxd4 10. Ne2 Rb8 11. f4 b5 12. Kh1 a5 13. b3 d6 14. g4 Bd7 15. Rf3 d5 16. exd5 exd5 17. cxb5 Rxb5 18. h3 Re8 19. Qg1 Bb4 20. Rf2 Bxg4 21. Bf1 Qh4 22. Bb2 Bxe2 23. Rxe2 Rxe2 24. Bxe2 Qxh3+ 25. Qh2 Qxh2+ 26. Kxh2 Bc3 27. Rc1 Nb4 28. Bxc3 Nxa2 29. Bd2 Nxc1 30. Bxc1 Rxb3 31. Bf3 Rc3 0-1

[Event "SVK-chT1W 1819"]
[Site "Slovakia"]
[Date "2019.02.23"]
[Round "8.1"]
[White "Briestensky, Rastislav"]
[Black "Motuz, Karol"]
[Result "1-0"]
[WhiteElo "2345"]
[BlackElo "2367"]
[PlyCount "83"]
[EventDate "2018.10.27"]
[EventType "team-tourn"]
[EventRounds "11"]
[EventCountry "SVK"]
[SourceTitle "CBM 189 Extra"]
[Source "ChessBase"]
[SourceDate "2019.06.03"]
[SourceVersion "1"]
[SourceVersionDate "2019.06.03"]
[SourceQuality "1"]
[WhiteTeam "Bratislava Slovan II"]
[BlackTeam "Dubnica nad Vahom II"]
[WhiteTeamCountry "SVK"]
[BlackTeamCountry "SVK"]

1. d4 d5 2. Nf3 Nf6 3. e3 c5 4. Be2 Nc6 5. 0-0 e6 6. b3 Be7 7. Bb2 0-0 8. c4 b6 9. Nc3 dxc4 10. bxc4 cxd4 11. exd4 Bb7 12. Qd2 Rc8 13. Rac1 Na5 14. Ne5 Nd7 15. Nxd7 Qxd7 16. Nd1 Qa4 17. Ne3 Rfd8 18. d5 Ba6 19. c5 Bxe2 20. Qxe2 Bxc5 21. dxe6 fxe6 22. Ng4 Qe8 23. Bxg7 Qg6 24. Bb2 Nc6 25. Ne5 Qf5 26. Nxc6 Rxc6 27. Rc3 e5 28. Rf3 Qe6 29. Rg3+ Kf8 30. Bxe5 Rd5 31. Rg5 h6 32. Rh5 Ke8 33. h3 Kd7 34. Rd1 Kc8 35. Rxd5 Qxd5 36. Bg3 Re6 37. Qa6+ Qb7 38. Qd3 Qd7 39. Rd5 Qa4 40. Rd8+ Kb7 41. Rd7+ Ka8 42. Rc7 1-0

[Event "SVK-chT 1718"]
[Site "Slovakia"]
[Date "2018.03.03"]
[Round "10.1"]
[White "Briestensky, Rastislav"]
[Black "Najgebauer, Szemjon"]
[Result "1-0"]
[WhiteElo "2292"]
[BlackElo "2202"]
[PlyCount "73"]
[EventDate "2017.09.30"]
[EventType "team-tourn"]
[EventRounds "11"]
[EventCountry "SVK"]
[SourceTitle "EXT 2019"]
[Source "ChessBase"]
[SourceDate "2018.10.10"]
[SourceVersion "1"]
[SourceVersionDate "2018.10.10"]
[SourceQuality "1"]
[WhiteTeam "Bratislava Slovan"]
[BlackTeam "Kosice Slavia UPJS"]
[WhiteTeamCountry "SLO"]
[BlackTeamCountry "SVK"]

1. d4 Nf6 2. Nf3 g6 3. Nbd2 d5 4. e3 Bg7 5. Be2 0-0 6. 0-0 Nbd7 7. b3 c5 8. Bb2 b6 9. c4 Bb7 10. Qb1 cxd4 11. exd4 Re8 12. Re1 Rc8 13. a4 Nb8 14. Bd3 Nc6 15. Bc3 a5 16. Qb2 e6 17. Rad1 Qc7 18. Rc1 Qb8 19. Ne5 Nxe5 20. dxe5 Nd7 21. cxd5 Bxd5 22. Bb5 Red8 23. Rcd1 Qb7 24. Bf1 Nc5 25. Bd4 Rd7 26. f3 Bh6 27. Bb5 Rdc7 28. Nc4 Bxc4 29. bxc4 Bf8 30. Be3 Qb8 31. Bg5 Be7 32. Bxe7 Rxe7 33. Rd6 Qc7 34. Red1 Kg7 35. Qd4 Qb8 36. Qf4 Rec7 37. Qf6+ 1-0

[Event "SVK-chT 1718"]
[Site "Slovakia"]
[Date "2018.03.02"]
[Round "9.2"]
[White "Briestensky, Rastislav"]
[Black "Bagi, Mate"]
[Result "0-1"]
[WhiteElo "2292"]
[BlackElo "2456"]
[PlyCount "92"]
[EventDate "2017.09.30"]
[EventType "team-tourn"]
[EventRounds "11"]
[EventCountry "SVK"]
[SourceTitle "EXT 2019"]
[Source "ChessBase"]
[SourceDate "2018.10.10"]
[SourceVersion "1"]
[SourceVersionDate "2018.10.10"]
[SourceQuality "1"]
[WhiteTeam "Bratislava Slovan"]
[BlackTeam "Dunajska Streda"]
[WhiteTeamCountry "SLO"]
[BlackTeamCountry "SVK"]

1. e4 e5 2. Nf3 Nc6 3. Bb5 a6 4. Bxc6 dxc6 5. d4 exd4 6. Qxd4 Qxd4 7. Nxd4 Bd7 8. Nc3 0-0-0 9. 0-0 Ne7 10. a3 c5 11. Nde2 Ng6 12. Nf4 Bd6 13. Nh5 Rhg8 14. h3 Be5 15. f4 Bxc3 16. bxc3 f5 17. Ng3 Ne7 18. Be3 b6 19. Rae1 Rde8 20. exf5 Nxf5 21. Nxf5 Bxf5 22. Rf2 Re6 23. g4 Rge8 24. Rf3 Be4 25. Rg3 g6 26. Kf2 Bxc2 27. h4 Kb7 28. Rc1 Be4 29. Rh3 h5 30. Rg3 hxg4 31. Rxg4 Rh8 32. f5 Bxf5 33. Rf4 Rhe8 34. Re1 Re4 35. Bd2 Rxe1 36. Bxe1 Bd3 37. Rf3 Re2+ 38. Kf1 c4 39. Bg3 Ra2+ 40. Ke1 Rxa3 41. Rf7 a5 42. Bxc7 Ra1+ 43. Kd2 a4 44. Bd8+ Kc8 45. Bxb6 a3 46. Ra7 a2 0-1

[Event "SVK-chT1W 1718"]
[Site "Slovakia"]
[Date "2017.12.03"]
[Round "6.2"]
[White "Maslik, Miroslav"]
[Black "Briestensky, Rastislav"]
[Result "1-0"]
[WhiteElo "2360"]
[BlackElo "2332"]
[PlyCount "101"]
[EventDate "2017.10.21"]
[EventType "team-tourn"]
[EventRounds "11"]
[EventCountry "SVK"]
[SourceTitle "EXT 2019"]
[Source "ChessBase"]
[SourceDate "2018.10.10"]
[SourceVersion "1"]
[SourceVersionDate "2018.10.10"]
[SourceQuality "1"]
[WhiteTeam "Bratislava Lokomotiva"]
[BlackTeam "Bratislava Slovan II"]
[WhiteTeamCountry "SVK"]
[BlackTeamCountry "SVK"]

1. d4 Nf6 2. c4 e6 3. Nf3 Bb4+ 4. Nbd2 0-0 5. g3 d6 6. Bg2 Qe7 7. 0-0 Bxd2 8. Bxd2 a5 9. Qc2 Nc6 10. Rac1 e5 11. d5 Nb8 12. b3 Nbd7 13. a3 Nb6 14. e4 Nbd7 15. b4 axb4 16. axb4 b6 17. Ne1 Bb7 18. Nd3 c6 19. dxc6 Bxc6 20. Rfe1 Rfc8 21. Qb3 Qe6 22. Nb2 b5 23. Qd3 bxc4 24. Qxc4 Nb6 25. Qxe6 fxe6 26. Be3 Nfd7 27. Red1 d5 28. exd5 Bxd5 29. Bc5 e4 30. Bd4 Rab8 31. Re1 Ba8 32. Rxc8+ Nxc8 33. Bc3 Nd6 34. Rd1 Bd5 35. Bh3 Nb5 36. Na4 Nb6 37. Be5 Rb7 38. Nxb6 Rxb6 39. Rc1 Kf7 40. Bf1 Kg6 41. h4 Rb7 42. Rc5 Na3 43. b5 Nb1 44. Bc7 Nd2 45. b6 Nf3+ 46. Kh1 Nd2 47. Ba6 e3+ 48. Rxd5 Ne4 49. Re5 Nxf2+ 50. Kg2 Ng4 51. Rg5+ 1-0

[Event "SVK-chT1W 1718"]
[Site "Slovakia"]
[Date "2017.10.21"]
[Round "1.2"]
[White "Lukac, Roman"]
[Black "Briestensky, Rastislav"]
[Result "0-1"]
[WhiteElo "2068"]
[BlackElo "2332"]
[PlyCount "62"]
[EventDate "2017.10.21"]
[EventType "team-tourn"]
[EventRounds "11"]
[EventCountry "SVK"]
[SourceTitle "CBM 181 Extra"]
[Source "ChessBase"]
[SourceDate "2017.12.12"]
[SourceVersion "1"]
[SourceVersionDate "2017.12.12"]
[SourceQuality "1"]
[WhiteTeam "Trnava Lokomotiva"]
[BlackTeam "Bratislava Slovan II"]
[WhiteTeamCountry "SVK"]
[BlackTeamCountry "SVK"]

1. e4 d6 2. d4 Nf6 3. Nc3 c6 4. Nf3 g6 5. h3 Bg7 6. Be3 Qa5 7. Qd2 Nbd7 8. Bd3 e5 9. 0-0 Qc7 10. a4 0-0 11. Rfe1 Re8 12. dxe5 dxe5 13. Nh2 Nf8 14. f3 Nh5 15. Qf2 Ne6 16. a5 Bf8 17. Ng4 Bb4 18. Ra4 Qe7 19. Rd1 Nc5 20. Raa1 Nxd3 21. Rxd3 f5 22. exf5 gxf5 23. Nxe5 Qxe5 24. Bd4 Qg3 25. Ne2 Qxf2+ 26. Kxf2 Rxe2+ 27. Kxe2 Nf4+ 28. Ke3 Nxd3 29. Kxd3 Be6 30. c3 Be7 31. g4 c5 0-1

[Event "SVK-chT 1617"]
[Site "Slovakia"]
[Date "2017.03.25"]
[Round "10.2"]
[White "Briestensky, Rastislav"]
[Black "Nayhebaver, Martin"]
[Result "0-1"]
[WhiteElo "2339"]
[BlackElo "2442"]
[PlyCount "104"]
[EventDate "2016.10.22"]
[EventType "team-tourn"]
[EventRounds "11"]
[EventCountry "SVK"]
[SourceTitle "CBM 177 Extra"]
[Source "ChessBase"]
[SourceDate "2017.04.27"]
[SourceVersion "1"]
[SourceVersionDate "2017.04.27"]
[SourceQuality "1"]
[WhiteTeam "Bratislava Slovan"]
[BlackTeam "Kosice Slavia UPJS"]
[WhiteTeamCountry "SVK"]
[BlackTeamCountry "SVK"]

1. d4 Nf6 2. Nf3 e6 3. Bf4 b6 4. Nbd2 Bb7 5. e3 g6 6. h3 Bg7 7. Bd3 0-0 8. 0-0 d6 9. e4 h6 10. Bh2 Nbd7 11. Qe2 a5 12. Rfd1 Qe7 13. e5 Ne8 14. c3 d5 15. h4 c5 16. Bf4 Nc7 17. Qe3 h5 18. Bg5 Qe8 19. Kh1 Ba6 20. Bc2 Rc8 21. Rac1 f5 22. exf6 Nxf6 23. Bxf6 Bxf6 24. Qh6 Bg7 25. Qxg6 Qxg6 26. Bxg6 Bh6 27. dxc5 bxc5 28. Ra1 Rb8 29. b3 Bg7 30. Rac1 e5 31. Kg1 Ne6 32. Re1 Nf4 33. Nxe5 Bxe5 34. Rxe5 Nxg6 35. Rxd5 Nf4 36. Rg5+ Kh8 37. Re1 Rbd8 38. Ne4 Rfe8 39. Re3 Rg8 40. Nxc5 Rxg5 41. hxg5 Bb5 42. a4 Bc6 43. Kh2 Rd2 44. Ne4 Rb2 45. c4 h4 46. Kg1 Kg7 47. g3 hxg3 48. Nxg3 Kg6 49. Re5 Bf3 50. Re3 Nh3+ 51. Kh2 Nxg5 52. Kg1 Kf6 0-1

[Event "SVK-chT 1617"]
[Site "Slovakia"]
[Date "2016.10.22"]
[Round "1.3"]
[White "Jacko, Vladimir1111"]
[Black "Briestensky, Rastislav"]
[Result "1-0"]
[WhiteElo "2302"]
[BlackElo "2339"]
[PlyCount "136"]
[EventDate "2016.10.22"]
[EventType "team-tourn"]
[EventRounds "11"]
[EventCountry "SVK"]
[SourceTitle "CBM 175 Extra"]
[Source "ChessBase"]
[SourceDate "2016.12.12"]
[SourceVersion "1"]
[SourceVersionDate "2016.12.12"]
[SourceQuality "1"]
[WhiteTeam "Prakovce"]
[BlackTeam "Bratislava Slovan"]
[WhiteTeamCountry "SVK"]
[BlackTeamCountry "SVK"]

1. e4 e5 2. Nf3 Nc6 3. Bc4 d6 4. c3 Be7 5. Qb3 Nh6 6. d4 0-0 7. Bxh6 gxh6 8. Bd3 Bf6 9. dxe5 dxe5 10. Qc2 Ne7 11. Nbd2 Ng6 12. g3 c6 13. Nc4 b5 14. Ne3 a6 15. Rd1 Qc7 16. 0-0 Ne7 17. Rd2 Be6 18. Rfd1 Rad8 19. c4 Qa5 20. b3 Rd7 21. Nf5 Bxf5 22. exf5 Rfd8 23. Be4 Rxd2 24. Rxd2 Rxd2 25. Nxd2 Qd8 26. Kg2 Qd6 27. Bf3 Kg7 28. Ne4 Qd4 29. Nd2 Qd7 30. Be4 Kf8 31. Nf1 Bg5 32. h4 Bf6 33. Ne3 Qd4 34. Ng4 Kg7 35. Qe2 h5 36. Nh2 h6 37. Nf1 bxc4 38. bxc4 c5 39. Nh2 a5 40. a4 Nc8 41. Nf3 Qc3 42. Qc2 Qb4 43. Nd2 Nd6 44. Qd3 Be7 45. Qd5 Qc3 46. Bf3 Qd4 47. Qxd4 cxd4 48. c5 Nxf5 49. c6 Bd6 50. Ne4 Bc7 51. Nc5 Nd6 52. Bxh5 Kf6 53. Kf3 Ke7 54. Ke2 Bb6 55. Nd7 Nc4 56. Kd3 Nb2+ 57. Ke4 Bc7 58. Nxe5 Bxe5 59. Kxe5 d3 60. Bg4 Nxa4 61. c7 Nb6 62. c8Q Nxc8 63. Bxc8 a4 64. Kd4 d2 65. Bg4 a3 66. Kc3 f5 67. Bd1 Kd6 68. Kb3 Kd5 1-0

[Event "SVK-chT1W 1617"]
[Site "Slovakia"]
[Date "2016.10.15"]
[Round "1.2"]
[White "Jablonicky, Martin"]
[Black "Briestensky, Rastislav"]
[Result "0-1"]
[WhiteElo "2262"]
[BlackElo "2350"]
[PlyCount "55"]
[EventDate "2016.10.15"]
[EventType "team-tourn"]
[EventRounds "11"]
[EventCountry "SVK"]
[SourceTitle "CBM 175 Extra"]
[Source "ChessBase"]
[SourceDate "2016.12.12"]
[SourceVersion "1"]
[SourceVersionDate "2016.12.12"]
[SourceQuality "1"]
[WhiteTeam "Nitra ASK"]
[BlackTeam "Bratislava Slovan II"]
[WhiteTeamCountry "SVK"]
[BlackTeamCountry "SVK"]

1. c4 c5 2. Nf3 Nc6 3. d4 cxd4 4. Nxd4 Nf6 5. Nc3 e6 6. a3 a6 7. e4 Qc7 8. Be3 d6 9. Be2 Be7 10. 0-0 0-0 11. Rc1 Bd7 12. b4 Nxd4 13. Qxd4 Rfd8 14. Rfd1 Be8 15. f4 Qb8 16. e5 dxe5 17. Qxe5 a5 18. Qxb8 Rdxb8 19. c5 axb4 20. axb4 Ra3 21. Bf3 Rb3 22. Rd4 Bc6 23. Kf2 Ra8 24. Bd2 Rxb4 25. Ne2 Rb2 26. Bxc6 bxc6 27. Ke1 h5 28. g3 0-1

[Event "WchT Seniors 50"]
[Site "Radebeul"]
[Date "2016.06.26"]
[Round "1.3"]
[White "Briestensky, Rastislav"]
[Black "Gerhardt, Peter Michael"]
[Result "1/2-1/2"]
[WhiteElo "2339"]
[BlackElo "2026"]
[PlyCount "68"]
[EventDate "2016.06.26"]
[EventType "team-swiss"]
[EventRounds "9"]
[EventCountry "GER"]
[SourceTitle "CBM 173 Extra"]
[Source "ChessBase"]
[SourceDate "2016.08.29"]
[SourceVersion "1"]
[SourceVersionDate "2016.08.29"]
[SourceQuality "1"]
[WhiteTeam "Slovakia"]
[BlackTeam "Stoertebeker"]
[WhiteTeamCountry "SVK"]
[BlackTeamCountry "GER"]

1. e4 c5 2. Nf3 a6 3. c4 g6 4. d4 cxd4 5. Qxd4 Nf6 6. e5 Nc6 7. Qc3 Ne4 8. Qe3 f5 9. exf6 Nxf6 10. Be2 Bg7 11. 0-0 0-0 12. Nc3 d6 13. h3 Bd7 14. Bd2 Nh5 15. Nd5 Rb8 16. Qb3 e6 17. Nb6 Rxf3 18. Bxf3 Nd4 19. Qb4 Nxf3+ 20. gxf3 Bc6 21. Rfe1 Be5 22. c5 Qf6 23. Qg4 Rf8 24. Nc4 Bxf3 25. Qg5 Qf7 26. Nxe5 dxe5 27. Qxe5 Bd5 28. Qh2 Ng7 29. Bc3 Nh5 30. Re3 Qf5 31. Rd1 Qg5+ 32. Rg3 Qf5 33. Re1 Nxg3 34. Qxg3 Qf3 1/2-1/2

[Event "SVK-chT 1516"]
[Site "Slovakia"]
[Date "2016.04.09"]
[Round "10.6"]
[White "Briestensky, Rastislav"]
[Black "Spacek, Oliver"]
[Result "0-1"]
[WhiteElo "2318"]
[BlackElo "2104"]
[PlyCount "82"]
[EventDate "2015.10.10"]
[EventType "team-tourn"]
[EventRounds "11"]
[EventCountry "SVK"]
[SourceTitle "EXT 2017"]
[Source "ChessBase"]
[SourceDate "2016.10.25"]
[SourceVersion "1"]
[SourceVersionDate "2016.10.25"]
[SourceQuality "1"]
[WhiteTeam "Bratislava Slovan"]
[BlackTeam "Cadca Caissa"]
[WhiteTeamCountry "SVK"]
[BlackTeamCountry "SVK"]

1. e4 c5 2. Nf3 e6 3. d3 Nc6 4. g3 d5 5. Nbd2 Nf6 6. Bg2 Be7 7. 0-0 0-0 8. Re1 b6 9. e5 Nd7 10. Nf1 Bb7 11. h4 Re8 12. N1h2 f6 13. exf6 Bxf6 14. Ng5 Nf8 15. Ng4 h6 16. Nh3 Ng6 17. c3 Nce5 18. Nxf6+ Qxf6 19. h5 Nf8 20. Nf4 Rad8 21. Qe2 Nf7 22. c4 Nd6 23. Rb1 dxc4 24. Bxb7 cxd3 25. Qxd3 Nxb7 26. Qa6 Na5 27. Qxa7 e5 28. Ng2 Ra8 29. Qc7 Re7 30. Qxe7 Qxe7 31. Ne3 Qf7 32. b3 Nc6 33. Nc4 Rxa2 34. Bb2 Qxh5 35. Nxb6 Ne6 36. Nc4 Ng5 37. Nd2 Nd4 38. Re3 e4 39. g4 Qxg4+ 40. Kf1 Ngf3 41. Nxf3 exf3 0-1

[Event "SVK-chT 1516"]
[Site "Slovakia"]
[Date "2016.02.28"]
[Round "8.1"]
[White "Briestensky, Rastislav"]
[Black "Molnar, Peter"]
[Result "1-0"]
[WhiteElo "2318"]
[BlackElo "2279"]
[PlyCount "67"]
[EventDate "2015.10.10"]
[EventType "team-tourn"]
[EventRounds "11"]
[EventCountry "SVK"]
[SourceTitle "EXT 2017"]
[Source "ChessBase"]
[SourceDate "2016.10.25"]
[SourceVersion "1"]
[SourceVersionDate "2016.10.25"]
[SourceQuality "1"]
[WhiteTeam "Bratislava Slovan"]
[BlackTeam "Kosice Slavia"]
[WhiteTeamCountry "SVK"]
[BlackTeamCountry "SVK"]

1. e4 d5 2. exd5 Qxd5 3. Nc3 Qd6 4. d4 Nf6 5. Nf3 g6 6. Nb5 Qb6 7. Be2 Bg7 8. 0-0 0-0 9. a4 c6 10. Na3 a5 11. Bf4 Bg4 12. Nc4 Qd8 13. h3 Be6 14. c3 Bxc4 15. Bxc4 e6 16. Re1 Nd5 17. Bg3 Nd7 18. Qb3 Qb6 19. Qc2 Rfe8 20. Rad1 Rac8 21. Re2 Qd8 22. Rde1 N5b6 23. Bd3 Nd5 24. Qd2 Qe7 25. Bc2 Qf8 26. Bb3 Bh6 27. Qc2 Bg7 28. Nd2 N7f6 29. Nc4 Ra8 30. Bd6 Ne7 31. Nb6 Ra6 32. Bc5 Rd8 33. Bc4 Ra7 34. Bxe6 1-0

[Event "SVK-chT 1516"]
[Site "Slovakia"]
[Date "2016.01.17"]
[Round "6.5"]
[White "Briestensky, Rastislav"]
[Black "Sukuba, Zdeno"]
[Result "1-0"]
[WhiteElo "2318"]
[BlackElo "2112"]
[PlyCount "91"]
[EventDate "2015.10.10"]
[EventType "team-tourn"]
[EventRounds "11"]
[EventCountry "SVK"]
[SourceTitle "CBM 170 Extra"]
[Source "ChessBase"]
[SourceDate "2016.02.25"]
[SourceVersion "1"]
[SourceVersionDate "2016.02.25"]
[SourceQuality "1"]
[WhiteTeam "Bratislava Slovan"]
[BlackTeam "Dubnica nad Vahom"]
[WhiteTeamCountry "SVK"]
[BlackTeamCountry "SVK"]

1. d4 Nf6 2. c4 e6 3. Nf3 b6 4. Nc3 Bb7 5. a3 d5 6. Bg5 Be7 7. cxd5 exd5 8. e3 0-0 9. Rc1 c6 10. Be2 Nbd7 11. 0-0 Ne4 12. Bxe7 Qxe7 13. Qa4 a5 14. Qb3 Nxc3 15. Rxc3 a4 16. Qc2 Rfc8 17. Bd3 g6 18. h3 b5 19. e4 b4 20. axb4 Qxb4 21. e5 Nf8 22. Ra3 Ne6 23. Qc3 Qb6 24. Rfa1 c5 25. Rxa4 cxd4 26. Qd2 Rxa4 27. Rxa4 Bc6 28. Qb4 Rb8 29. Qxb6 Rxb6 30. Ra6 Rxa6 31. Bxa6 Ba4 32. Bc8 d3 33. Bxe6 fxe6 34. Kf1 h6 35. Ke1 Kf7 36. Nd4 Ke7 37. Kd2 Bc2 38. f4 Bb1 39. b4 h5 40. g3 Ba2 41. Kxd3 Bc4+ 42. Kc3 Bf1 43. h4 Kd7 44. b5 Kc7 45. Nxe6+ Kb6 46. Kd4 1-0